| 000 | 00436nam a2200169Ia 4500 | ||
|---|---|---|---|
| 008 | 210210b1980 xxu||||| |||| 00| 0 eng d | ||
| 020 | _a33390 018 9 | ||
| 082 | _a332.1 BASR | ||
| 100 | _aBASU (S K). | ||
| 245 | _aReview of current banking theory and practice.Rev by Alak Ghosh. Ed.3 | ||
| 250 | _a | ||
| 260 |
_aND _b _c1980 |
||
| 300 | _a472 | ||
| 650 | _aBanking theory Banking practice | ||
| 690 | _aBanking | ||
| 906 | _a038972 | ||
| 999 |
_c89159 _d89159 |
||